[Event "GBR-ch"]
[Site "Scarborough"]
[Date "2001.08.10"]
[Round "11"]
[White "Zhao, Zong-Yuan"]
[Black "Ward, Chris G"]
[Result "0-1"]
[WhiteElo "2359"]
[BlackElo "2493"]
[PlyCount "220"]
[EventDate "2001.07.30"]

1. d4 Nf6 2. c4 e6 3. Nf3 c5 4. d5 d6 5. Nc3 exd5 6. cxd5 g6 7. Qa4+ Bd7 8. Qb3
Qb6 9. e4 Na6 10. Qd1 Bg7 11. Be2 O-O 12. Nd2 Qc7 13. O-O Rab8 14. Re1 Rfe8 15.
Bf1 Nh5 16. h3 c4 17. a4 f5 18. Nxc4 f4 19. e5 dxe5 20. b4 Kh8 21. Bb2 Nxb4 22.
Ne4 Rbd8 23. Ned6 Rf8 24. Qd2 a5 25. Rac1 Bxa4 26. Ra1 b5 27. Nxa5 Nc2 28. Ndb7
Nxe1 29. Rxe1 Rd7 30. d6 Qb6 31. Qd5 Nf6 32. Qxe5 Rxb7 33. Nxb7 Qxb7 34. Qxf4
Qd7 35. g4 g5 36. Qxg5 Qxd6 37. Bxb5 h6 38. Qe5 Qxe5 39. Rxe5 Nd7 40. Bxd7 Bxd7
41. Re2 Bb5 42. Bxg7+ Kxg7 43. Re6 Rf3 44. Kg2 Rc3 45. Rd6 Rc1 46. Re6 Bf1+ 47.
Kg3 Rc3+ 48. f3 Bc4 49. Re7+ Bf7 50. Re5 Bg6 51. h4 Kf6 52. Rb5 Be4 53. g5+
hxg5 54. hxg5+ Kg6 55. Kf4 Bxf3 56. Re5 Bh5 57. Re6+ Kf7 58. Rb6 Rf3+ 59. Ke4
Rc3 60. Kf5 Bg6+ 61. Ke5 Rc5+ 62. Kf4 Rc4+ 63. Ke5 Re4+ 64. Kd5 Re1 65. Rb7+
Kg8 66. Kd4 Bf7 67. g6 Bxg6 68. Rc7 Bf7 69. Rc3 Kg7 70. Rf3 Ra1 71. Rf2 Ra5 72.
Rf1 Be6 73. Rf2 Bf5 74. Rf1 Kf6 75. Rf2 Ke6 76. Rb2 Rd5+ 77. Kc4 Bd3+ 78. Kc3
Ke5 79. Rb8 Bf5 80. Kc4 Rd4+ 81. Kc3 Be6 82. Rh8 Rc4+ 83. Kd3 Rc6 84. Re8 Ra6
85. Re7 Ra3+ 86. Kd2 Kd6 87. Re8 Bd5 88. Rh8 Ke5 89. Rd8 Kd4 90. Kd1 Ra2 91.
Rd7 Ke4 92. Kc1 Rf2 93. Rd8 Bc4 94. Rd7 Bd3 95. Rd8 Ke3 96. Rc8 Kd4 97. Kd1 Bc4
98. Rd8+ Kc3 99. Re8 Rf7 100. Re3+ Bd3 101. Re8 Rf1+ 102. Re1 Rf8 103. Re7 Rf5
104. Re8 Rf7 105. Re6 Bc4 106. Re3+ Kd4 107. Re8 Bd3 108. Rd8+ Ke3 109. Re8+
Be4 110. Kc1 Rb7 0-1

[Event "GBR-ch"]
[Site "Scarborough"]
[Date "2001.08.10"]
[Round "11"]
[White "Shaw, John K"]
[Black "Ansell, Simon"]
[Result "1-0"]
[WhiteElo "2478"]
[BlackElo "2376"]
[PlyCount "117"]
[EventDate "2001.07.30"]

1. e4 c5 2. Nf3 Nc6 3. Bb5 e6 4. O-O Nge7 5. b3 a6 6. Bxc6 Nxc6 7. Bb2 Qc7 8.
d4 cxd4 9. Nxd4 Bd6 10. Nxc6 dxc6 11. Qh5 e5 12. f4 Be6 13. f5 Bc8 14. Nd2 b5
15. f6 g6 16. Qg5 h6 17. Qg3 Bb7 18. Nf3 O-O-O 19. Bxe5 Bxe5 20. Qxe5 Rhe8 21.
Qxc7+ Kxc7 22. Rae1 c5 23. e5 Re6 24. Rf2 Bxf3 25. gxf3 g5 26. Kg2 Rd4 27. Kg3
Kc6 28. Re3 Rf4 29. Rfe2 h5 30. Re4 h4+ 31. Kg2 Rxe4 32. Rxe4 Re8 33. Kh3 Kd7
34. Kg4 Ke6 35. Kxg5 Rg8+ 36. Kf4 Rg2 37. Re1 Rd2 38. c3 a5 39. Ke4 b4 40. f4
bxc3 41. f5+ Kd7 42. Rc1 c2 43. h3 Kd8 44. e6 Ke8 45. Rg1 fxe6 46. fxe6 Kf8 47.
Rc1 Ke8 48. Ke5 Kf8 49. a4 Rg2 50. Kd6 Rf2 51. f7 Re2 52. Rg1 Rd2+ 53. Kxc5 Ke7
54. Rc1 Re2 55. Kb6 Rxe6+ 56. Kxa5 Rc6 57. b4 Kxf7 58. b5 Rc5 59. Kb4 1-0

[Event "GBR-ch"]
[Site "Scarborough"]
[Date "2001.08.10"]
[Round "11"]
[White "Crouch, Colin"]
[Black "Pert, Nicholas"]
[Result "1/2-1/2"]
[WhiteElo "2407"]
[BlackElo "2475"]
[PlyCount "115"]
[EventDate "2001.07.30"]

1. d4 e6 2. c4 f5 3. g3 Nf6 4. Bg2 Be7 5. Nf3 O-O 6. O-O d6 7. Qc2 a5 8. Nc3
Nc6 9. a3 e5 10. dxe5 dxe5 11. Rd1 Qe8 12. Nb5 Bd8 13. Be3 Qh5 14. Bc5 Re8 15.
Rxd8 Rxd8 16. Nxc7 Rb8 17. Rd1 Bd7 18. Nd5 f4 19. Nxf6+ gxf6 20. Bd6 Rbc8 21.
c5 fxg3 22. hxg3 Be6 23. b4 axb4 24. axb4 Nxb4 25. Qb2 Na6 26. Ra1 Qf7 27. Nxe5
fxe5 28. Qxe5 Re8 29. Qg5+ Qg7 30. Qxg7+ Kxg7 31. Bxb7 Nxc5 32. Bxc8 Rxc8 33.
Rc1 Ne4 34. Be5+ Kg6 35. Rxc8 Bxc8 36. f3 Ng5 37. Kg2 Ba6 38. Kf2 Nh3+ 39. Kg2
Ng5 40. Kf2 Nf7 41. Bc7 h5 42. g4 hxg4 43. fxg4 Bc8 44. Kg3 Nh6 45. Kf4 Nxg4
46. e4 Nf6 47. Bd8 Nd7 48. Ba5 Kf6 49. Bc3+ Ke6 50. Bd4 Bb7 51. Bc3 Nb6 52. Bd4
Nc4 53. Ba7 Nd2 54. e5 Nf3 55. Bb8 Nh4 56. Bd6 Ng6+ 57. Ke3 Nxe5 58. Bxe5
1/2-1/2

[Event "GBR-ch"]
[Site "Scarborough"]
[Date "2001.08.10"]
[Round "11"]
[White "Lane, Gary"]
[Black "D'Costa, Lorin"]
[Result "1-0"]
[WhiteElo "2456"]
[BlackElo "2155"]
[PlyCount "119"]
[EventDate "2001.07.30"]

1. e4 c5 2. Nf3 d6 3. c3 Nf6 4. Bd3 Nc6 5. Bc2 Bg4 6. d3 g6 7. Nbd2 Bg7 8. h3
Bxf3 9. Nxf3 O-O 10. O-O Ne5 11. Ne1 b5 12. d4 cxd4 13. cxd4 Nc6 14. Be3 Nd7
15. Nf3 Na5 16. b3 b4 17. Qd2 Qb8 18. e5 dxe5 19. Be4 Nb7 20. Qxb4 Nd6 21. Qxb8
Raxb8 22. Bc6 exd4 23. Bxd4 Bxd4 24. Nxd4 Ne5 25. Rae1 Rb4 26. Rxe5 Rxd4 27.
Rxe7 Nc8 28. Re4 Rd6 29. Rc1 Nb6 30. b4 Rc8 31. Re8+ Rxe8 32. Bxe8 Kf8 33. Bb5
Rd2 34. a3 Ra2 35. Rc3 Kg7 36. Rd3 Kf6 37. g3 h6 38. Kg2 Kg7 39. Kf3 Kf6 40.
Ke3 Ke7 41. f4 Ke6 42. Kd4 Ra1 43. Re3+ Kf6 44. Be8 Rc1 45. Rb3 h5 46. h4 Rc4+
47. Kd3 Rc8 48. Bb5 Rd8+ 49. Ke4 Rd1 50. a4 Nc8 51. Rd3 Rb1 52. Rd4 Ne7 53. Bd7
Rb3 54. b5 Rxg3 55. Rd6+ Kg7 56. Ra6 Rb3 57. Rxa7 Rb4+ 58. Ke5 Ng8 59. a5 Nf6
60. Bc6 1-0

[Event "GBR-ch"]
[Site "Scarborough"]
[Date "2001.08.10"]
[Round "11"]
[White "Singh, Gurpreet"]
[Black "Knott, Simon JB"]
[Result "1/2-1/2"]
[WhiteElo "2302"]
[BlackElo "2373"]
[PlyCount "37"]
[EventDate "2001.07.30"]

1. e4 e6 2. d4 d5 3. Nc3 Bb4 4. e5 c5 5. Bd2 Ne7 6. a3 Bxc3 7. Bxc3 Nbc6 8. Nf3
cxd4 9. Nxd4 Nxe5 10. Nxe6 Bxe6 11. Bxe5 O-O 12. Bd3 Nc6 13. Bg3 Qf6 14. Rb1
Bf5 15. O-O Rfe8 16. Qf3 Bxd3 17. Qxd3 d4 18. Rfe1 a6 19. Kf1 1/2-1/2

[Event "GBR-ch"]
[Site "Scarborough"]
[Date "2001.08.10"]
[Round "11"]
[White "Ledger, Andrew"]
[Black "Buckley, Melanie"]
[Result "1-0"]
[WhiteElo "2418"]
[BlackElo "2118"]
[PlyCount "95"]
[EventDate "2001.07.30"]

1. e4 e6 2. d4 d5 3. Nd2 Nf6 4. e5 Nfd7 5. Bd3 c5 6. c3 Nc6 7. Ne2 cxd4 8. cxd4
f6 9. exf6 Nxf6 10. O-O Bd6 11. Nf3 Qc7 12. Bg5 O-O 13. Rc1 Bd7 14. Ng3 Ng4 15.
Nh4 e5 16. Bf5 Bxf5 17. Nhxf5 Nf6 18. Bxf6 Rxf6 19. dxe5 Bxe5 20. Qxd5+ Kh8 21.
b3 Rd8 22. Qc4 g6 23. Ne3 Rf4 24. Qc2 Qf7 25. Ne2 Nd4 26. Nxd4 Bxd4 27. g3 Rf3
28. Rcd1 Re8 29. Rxd4 Rexe3 30. Rfd1 Re7 31. Rd6 Kg8 32. Qb2 Qg7 33. Rd8+ Rf8
34. Qa3 b6 35. Qa4 Qf7 36. Rxf8+ Qxf8 37. Qc4+ Kg7 38. Qd3 Qf6 39. h4 Qe5 40.
Kg2 a5 41. Qd5 b5 42. Qxe5+ Rxe5 43. Rd7+ Kf6 44. Rxh7 Re2 45. a3 a4 46. bxa4
bxa4 47. Ra7 Re4 48. Ra6+ 1-0

[Event "GBR-ch"]
[Site "Scarborough"]
[Date "2001.08.10"]
[Round "11"]
[White "Jackson, Adrian"]
[Black "Hanley, Craig"]
[Result "0-1"]
[WhiteElo "2230"]
[BlackElo "2278"]
[PlyCount "80"]
[EventDate "2001.07.30"]

1. e4 e6 2. d4 d5 3. Nc3 Nf6 4. e5 Nfd7 5. f4 c5 6. Nf3 Nc6 7. Be3 a6 8. Qd2 b5
9. dxc5 Bxc5 10. Bxc5 Nxc5 11. Qf2 Qb6 12. Bd3 b4 13. Ne2 a5 14. O-O Ba6 15.
Rfd1 Ne7 16. Ned4 Na4 17. Rab1 h6 18. Kh1 O-O 19. Rd2 Rac8 20. g4 f6 21. Qg3
Bxd3 22. cxd3 fxe5 23. fxe5 Ng6 24. g5 h5 25. Nh4 Qxd4 26. Nxg6 Rf7 27. Qg1
Qxg1+ 28. Kxg1 Kh7 29. Nh4 Rf4 30. Ng2 Rf5 31. g6+ Kh6 32. d4 Kg5 33. Ne3 Rf3
34. Re1 Kxg6 35. Kg2 Rf4 36. Rf1 Rxf1 37. Kxf1 Rc1+ 38. Rd1 Rxd1+ 39. Nxd1 Kf5
40. Ke2 Ke4 0-1

[Event "GBR-ch"]
[Site "Scarborough"]
[Date "2001.08.10"]
[Round "11"]
[White "Blackburn, Jonathan LB"]
[Black "Berry, Neil M"]
[Result "1/2-1/2"]
[WhiteElo "2115"]
[BlackElo "2256"]
[PlyCount "44"]
[EventDate "2001.07.30"]

1. d4 d5 2. c4 c6 3. Nf3 Nf6 4. Nc3 a6 5. a4 e6 6. a5 Nbd7 7. Bg5 Be7 8. e3 O-O
9. Bd3 h6 10. Bh4 dxc4 11. Bxc4 Nd5 12. Bxe7 Qxe7 13. O-O Nxc3 14. bxc3 e5 15.
dxe5 Nxe5 16. Nxe5 Qxe5 17. Qd4 Qg5 18. h4 Qe7 19. Rfd1 Bf5 20. Qf4 Qc5 21. Qd4
Qe7 22. Qf4 Qc5 1/2-1/2

[Event "GBR-ch"]
[Site "Scarborough"]
[Date "2001.08.10"]
[Round "11"]
[White "Addison, Bret C"]
[Black "Tan, Desmond"]
[Result "1/2-1/2"]
[WhiteElo "2218"]
[BlackElo "2253"]
[PlyCount "32"]
[EventDate "2001.07.30"]

1. d4 Nf6 2. c4 e6 3. Nc3 Bb4 4. Bg5 c5 5. d5 d6 6. e3 Bxc3+ 7. bxc3 Qe7 8. Nf3
e5 9. Qc2 h6 10. Bh4 Nbd7 11. Nd2 g5 12. Bg3 e4 13. Be2 Nf8 14. Rb1 Ng6 15. Bd1
Kf8 16. Qa4 Nd7 1/2-1/2

[Event "GBR-ch"]
[Site "Scarborough"]
[Date "2001.08.10"]
[Round "11"]
[White "Burnett, Jim"]
[Black "Moore, Gerald"]
[Result "0-1"]
[WhiteElo "2209"]
[BlackElo "2194"]
[PlyCount "72"]
[EventDate "2001.07.30"]

1. d4 Nf6 2. c4 g6 3. Nc3 d5 4. Nf3 Bg7 5. Bg5 Ne4 6. cxd5 Nxg5 7. Nxg5 e6 8.
Nf3 exd5 9. e3 O-O 10. b4 c6 11. Be2 Bf5 12. O-O a6 13. a4 Nd7 14. Qb3 b5 15.
Nd1 Nb6 16. Nb2 Qe7 17. axb5 axb5 18. Nd3 Bxd3 19. Bxd3 Nc4 20. Qc3 Rfb8 21.
Rfb1 Bf8 22. Rxa8 Rxa8 23. Bxc4 bxc4 24. Ne1 Qe4 25. Rb2 Ra1 26. f3 Qd3 27.
Qxd3 cxd3 28. Kf2 Rd1 29. Nxd3 Rxd3 30. b5 cxb5 31. Rxb5 Rd2+ 32. Kf1 Bh6 33.
f4 g5 34. f5 Kg7 35. Rxd5 g4 36. Re5 Kf6 0-1

[Event "GBR-ch"]
[Site "Scarborough"]
[Date "2001.08.10"]
[Round "11"]
[White "Eames, Robert"]
[Black "Collins, Sam"]
[Result "1/2-1/2"]
[WhiteElo "2333"]
[BlackElo "2194"]
[PlyCount "72"]
[EventDate "2001.07.30"]

1. e4 c5 2. Nf3 e6 3. d4 cxd4 4. Nxd4 Nf6 5. Nc3 d6 6. g4 h6 7. h4 Nc6 8. Rg1
h5 9. gxh5 Rxh5 10. Bg5 Rh8 11. Be2 Qb6 12. Nb3 Na5 13. h5 Nxb3 14. axb3 Bd7
15. h6 Rxh6 16. Bxh6 gxh6 17. Qd2 Bc6 18. Qf4 Nxe4 19. Rg8 e5 20. Qh4 Nxc3 21.
Qxh6 O-O-O 22. Bg4+ Kc7 23. Rxf8 Qb4 24. Rxd8 Kxd8 25. Qf8+ Be8 26. bxc3 Qxc3+
27. Ke2 Qxc2+ 28. Kf1 Qd3+ 29. Be2 Qd5 30. Kg1 Qe6 31. Rxa7 Kc7 32. Ra8 Qg6+
33. Kh2 Qf6 34. Rxe8 Qxf2+ 35. Kh3 Qe3+ 36. Kh4 Qf2+ 1/2-1/2

[Event "GBR-ch"]
[Site "Scarborough"]
[Date "2001.08.10"]
[Round "11"]
[White "Buckley, David E"]
[Black "Lyell, Mark"]
[Result "0-1"]
[WhiteElo "2172"]
[BlackElo "2219"]
[PlyCount "37"]
[EventDate "2001.07.30"]

1. e4 e5 2. Nf3 Nc6 3. Bc4 Nf6 4. d3 d5 5. exd5 Nxd5 6. O-O Bc5 7. Re1 O-O 8.
Nxe5 Qh4 9. Bxd5 Bxf2+ 10. Kh1 Nxe5 11. Rxe5 Bg4 12. Bg5 Qh5 13. Bf4 Qxe5 14.
Bxe5 Bxd1 15. Na3 Rfe8 16. d4 Rad8 17. Nb5 Rxd5 18. Nxc7 Rexe5 19. Rxd1 0-1

[Event "GBR-ch"]
[Site "Scarborough"]
[Date "2001.08.10"]
[Round "11"]
[White "Rudd, Jack"]
[Black "Lappage, Jonathan"]
[Result "0-1"]
[WhiteElo "2193"]
[BlackElo "2208"]
[PlyCount "92"]
[EventDate "2001.07.30"]

1. a3 g6 2. h4 Nf6 3. b4 Bg7 4. Bb2 d5 5. e3 O-O 6. c4 c6 7. Nc3 e5 8. Nf3 Nbd7
9. d4 exd4 10. Nxd4 Ne5 11. cxd5 Nxd5 12. h5 Re8 13. hxg6 hxg6 14. Qb3 Nxc3 15.
Qxc3 Qf6 16. Be2 Ng4 17. Bf3 Bf5 18. Rc1 Qg5 19. Nxf5 Bxc3+ 20. Bxc3 Ne5 21.
Nd6 Red8 22. Nxb7 Rd3 23. Nc5 Rxc3 24. Rxc3 Nxf3+ 25. gxf3 Qg2 26. Rh4 Qxf3 27.
Rd4 Kg7 28. Rd7 Qg4 29. Kd2 Rh8 30. Rc1 Rh2 31. Rf1 Qc4 32. Rd3 Qa2+ 33. Ke1
Qa1+ 34. Ke2 Qb2+ 35. Ke1 a5 36. Nb3 Qxa3 37. bxa5 c5 38. Nxc5 Qxc5 39. Ke2
Qxa5 40. Rd4 Qa2+ 41. Kf3 Qa8+ 42. Ke2 Qa6+ 43. Ke1 Rh5 44. Rg1 Rc5 45. Kd2
Qa2+ 46. Kd3 Qc2# 0-1

[Event "GBR-ch"]
[Site "Scarborough"]
[Date "2001.08.10"]
[Round "11"]
[White "Steadman, Michael"]
[Black "Briggs, Philip"]
[Result "0-1"]
[WhiteElo "2090"]
[BlackElo "2200"]
[PlyCount "80"]
[EventDate "2001.07.30"]

1. e4 e5 2. d4 exd4 3. Qxd4 Nc6 4. Qa4 Bc5 5. Nf3 d6 6. c3 Nf6 7. Be2 O-O 8.
O-O Re8 9. Bg5 h6 10. Bxf6 Qxf6 11. Nbd2 Bd7 12. Qc2 Ne5 13. b4 Bb6 14. Nc4
Nxc4 15. Bxc4 Bg4 16. Ne1 c6 17. Kh1 d5 18. Bd3 dxe4 19. Bxe4 Qf4 20. f3 Bc7
21. g3 Qf6 22. Ng2 Bh3 23. Rad1 a5 24. Rfe1 Be5 25. Re3 axb4 26. cxb4 Red8 27.
Red3 Rxd3 28. Rxd3 g6 29. a4 Qe6 30. Rd1 Re8 31. Bd3 Rd8 32. Re1 Qd6 33. Bc4
Kg7 34. b5 Qb4 35. Rb1 Bxg2+ 36. Kxg2 Rd2+ 37. Kh3 Qd6 38. Qe4 Qd7+ 39. Qg4 f5
40. Qh4 Rd4 0-1

[Event "GBR-ch"]
[Site "Scarborough"]
[Date "2001.08.10"]
[Round "11"]
[White "Hunt, Adam"]
[Black "Conlon, Joe"]
[Result "0-1"]
[WhiteElo "2408"]
[BlackElo "2191"]
[PlyCount "68"]
[EventDate "2001.07.30"]

1. e4 d5 2. exd5 Nf6 3. c4 e6 4. dxe6 Bxe6 5. Nf3 Qe7 6. Qe2 Nc6 7. d4 Bg4 8.
Be3 O-O-O 9. d5 Ne4 10. Nc3 Nxc3 11. bxc3 Qf6 12. Qb2 Bxf3 13. gxf3 Ne5 14. f4
Ng6 15. Qd2 Bd6 16. Qd4 Qxd4 17. cxd4 Bxf4 18. Bd3 Rhe8 19. Kd2 c6 20. Bxg6
Bxe3+ 21. fxe3 hxg6 22. Raf1 f6 23. dxc6 bxc6 24. Rfg1 c5 25. Kd3 f5 26. d5 Rd6
27. Rb1 Ra6 28. Rb3 Rxa2 29. Rhb1 Kd7 30. Rb7+ Kd6 31. R1b3 f4 32. e4 Rh8 33.
e5+ Kxe5 34. Re7+ Kf6 0-1

[Event "GBR-ch"]
[Site "Scarborough"]
[Date "2001.08.10"]
[Round "11"]
[White "Rumens, David"]
[Black "Trent, Lawrence"]
[Result "1/2-1/2"]
[WhiteElo "2255"]
[BlackElo "2249"]
[PlyCount "83"]
[EventDate "2001.07.30"]

1. Nf3 Nf6 2. b3 c5 3. Bb2 e6 4. e3 Be7 5. d4 b6 6. Nbd2 Bb7 7. Bd3 O-O 8. c4
d6 9. O-O Nbd7 10. Qc2 Rc8 11. Rad1 h6 12. Qb1 Re8 13. Rfe1 Bf8 14. e4 cxd4 15.
Nxd4 a6 16. Nf1 Qc7 17. Ng3 Qb8 18. f4 Nc5 19. Bc2 d5 20. e5 Nfe4 21. cxd5 exd5
22. b4 Nxg3 23. bxc5 bxc5 24. hxg3 cxd4 25. Bxd4 Bc5 26. Bb3 Qa7 27. Qd3 a5 28.
Bxc5 Qxc5+ 29. Qd4 Kf8 30. Qxc5+ Rxc5 31. Rd4 g6 32. Red1 Rd8 33. Kf2 h5 34.
Ke3 Ke7 35. R1d2 Bc6 36. Rc2 Rxc2 37. Bxc2 Rb8 38. Bb3 Ke6 39. Kf3 Ra8 40. g4
hxg4+ 41. Kxg4 g5 42. g3 1/2-1/2

[Event "GBR-ch"]
[Site "Scarborough"]
[Date "2001.08.10"]
[Round "11"]
[White "Stephenson, Norman"]
[Black "Oswald, Graeme"]
[Result "1/2-1/2"]
[WhiteElo "2246"]
[BlackElo "2195"]
[PlyCount "63"]
[EventDate "2001.07.30"]

1. d4 Nf6 2. Nf3 e6 3. e3 c5 4. Bd3 b6 5. O-O Bb7 6. c4 Be7 7. Nc3 O-O 8. d5
exd5 9. cxd5 d6 10. e4 Nbd7 11. Bf4 a6 12. a4 Ng4 13. Rb1 Nge5 14. Bg3 Bf6 15.
Be2 Nxf3+ 16. Bxf3 Qe7 17. Qc2 Rac8 18. Bg4 Rce8 19. Qb3 Ne5 20. Be2 Qc7 21. f3
g6 22. Nd1 Kg7 23. Ne3 Nd7 24. Nc4 Bd4+ 25. Kh1 Be5 26. f4 Bd4 27. f5 Be5 28.
Bxe5+ dxe5 29. fxg6 hxg6 30. Bg4 Nf6 31. Bf3 Nd7 32. Bg4 1/2-1/2

[Event "GBR-ch"]
[Site "Scarborough"]
[Date "2001.08.10"]
[Round "11"]
[White "Waters, Clive L"]
[Black "Rutherford, Elaine"]
[Result "1-0"]
[WhiteElo "2147"]
[BlackElo "2117"]
[PlyCount "65"]
[EventDate "2001.07.30"]

1. d4 d5 2. c4 e6 3. Nf3 c6 4. Nc3 Nf6 5. Qc2 Nbd7 6. cxd5 exd5 7. Bg5 Be7 8.
e3 Nf8 9. Bd3 Ng6 10. O-O O-O 11. Rab1 Bg4 12. Ne5 Bd7 13. f4 Ng4 14. Bxe7 Qxe7
15. Rf3 Nf6 16. b4 Rac8 17. a3 b6 18. Qb3 Rfd8 19. Re1 Nh4 20. Rff1 Bf5 21. Ba6
Rc7 22. b5 cxb5 23. Rc1 Bd3 24. Nxd5 Nxd5 25. Qxd3 Rd6 26. Bxb5 f6 27. Rxc7
Qxc7 28. Bc4 Kh8 29. Qb3 Qb7 30. e4 fxe5 31. Bxd5 Qc8 32. fxe5 Rg6 33. Qh3 1-0

[Event "GBR-ch"]
[Site "Scarborough"]
[Date "2001.08.10"]
[Round "11"]
[White "Anderson, John"]
[Black "Player, Edmund"]
[Result "1-0"]
[WhiteElo "2161"]
[BlackElo "2115"]
[PlyCount "45"]
[EventDate "2001.07.30"]

1. e4 e6 2. d4 d5 3. Nc3 Bb4 4. e5 c5 5. a3 Bxc3+ 6. bxc3 Ne7 7. Qg4 Qc7 8.
Qxg7 Rg8 9. Qxh7 cxd4 10. Ne2 Nbc6 11. h4 dxc3 12. f4 Bd7 13. h5 O-O-O 14. Qd3
Nf5 15. Rb1 d4 16. Rg1 Nh6 17. Nxd4 Nxd4 18. Qxd4 Bb5 19. Qxa7 Bxf1 20. Rxf1
Rxg2 21. Rf3 Qc6 22. Qa8+ Kc7 23. Rxb7+ 1-0

[Event "GBR-ch"]
[Site "Scarborough"]
[Date "2001.08.10"]
[Round "11"]
[White "Snape, Ian L"]
[Black "Waddington, Michael"]
[Result "1/2-1/2"]
[WhiteElo "2160"]
[BlackElo "2353"]
[PlyCount "101"]
[EventDate "2001.07.30"]

1. c4 f5 2. Nc3 Nf6 3. g3 g6 4. Bg2 Bg7 5. d3 O-O 6. e3 e5 7. Nge2 d6 8. O-O c6
9. b4 Be6 10. b5 d5 11. Ba3 Re8 12. d4 e4 13. Nf4 Bf7 14. bxc6 Nxc6 15. Nfxd5
Nxd5 16. cxd5 Bxd5 17. Nxd5 Qxd5 18. Qe2 Rac8 19. Rfc1 Na5 20. Bf1 Bf8 21. Bxf8
Rxf8 22. Qb5 Qxb5 23. Bxb5 Rfd8 24. Kg2 Kg7 25. h4 h6 26. h5 g5 27. Rxc8 Rxc8
28. Bd7 Rf8 29. Rc1 f4 30. gxf4 gxf4 31. exf4 Rxf4 32. d5 Rf3 33. Rc7 Kf6 34.
Be6 Ke5 35. Bg8 Rf5 36. Re7+ Kd6 37. Re6+ Kd7 38. Rg6 Rxh5 39. Be6+ Kd8 40. Kg3
Nc4 41. Rg8+ Ke7 42. Rg7+ Kd6 43. Rxb7 e3 44. fxe3 Nxe3 45. Rd7+ Ke5 46. Rxa7
Rg5+ 47. Kf3 Nxd5 48. Bxd5 Kxd5 49. Ra5+ Kc4 50. Rxg5 hxg5 51. Kg4 1/2-1/2

[Event "GBR-ch"]
[Site "Scarborough"]
[Date "2001.08.10"]
[Round "11"]
[White "Frost, Nicholas"]
[Black "Ledger, Stephen"]
[Result "1/2-1/2"]
[WhiteElo "2141"]
[BlackElo "2196"]
[PlyCount "30"]
[EventDate "2001.07.30"]

1. e4 c5 2. Nc3 Nc6 3. g3 g6 4. Bg2 Bg7 5. d3 d6 6. Be3 e6 7. Qd2 Rb8 8. Nge2
b5 9. O-O b4 10. Nd1 Nd4 11. c3 Nxe2+ 12. Qxe2 bxc3 13. bxc3 Ne7 14. Qd2 Ba6
15. Re1 O-O 1/2-1/2

[Event "GBR-ch"]
[Site "Scarborough"]
[Date "2001.08.10"]
[Round "11"]
[White "Kennedy, John"]
[Black "Parkin, James"]
[Result "1/2-1/2"]
[WhiteElo "2042"]
[BlackElo "2122"]
[PlyCount "43"]
[EventDate "2001.07.30"]

1. Nf3 f5 2. e4 fxe4 3. Ng5 Nf6 4. d3 e3 5. Bxe3 e6 6. d4 d5 7. Bd3 Qe7 8. c3
Nc6 9. f4 Bd7 10. Nd2 O-O-O 11. b4 h6 12. Ngf3 Ng4 13. Qe2 Qf6 14. Ne5 Nxe3 15.
Qxe3 Bd6 16. O-O Ne7 17. g4 g6 18. Nb3 b6 19. Nc5 Bxe5 20. Ba6+ Kb8 21. dxe5
Qh4 22. Nxd7+ 1/2-1/2